As far as the saffron fields: The pulwama conspiracy (Record no. 395520)

MARC details
000 -LEADER
fixed length control field 00552 a2200205 4500
005 - DATE & TIME
control field 20260430124930.0
008 - FIXED-LENGTH DATA ELEMENTS--GENERAL INFORMATION
fixed length control field 260430b |||||||| |||| 00| 0 eng d
020 ## - ISBN
International Standard Book Number 9789354895227
Price Rs. 599.00
040 ## - CATALOGING SOURCE
Original cataloging agency VIVEKANANDA LIBRARY
082 ## - DDC NUMBER
Classification number 364.1524
Book Number R15A
100 ## - MAIN ENTRY--PERSONAL NAME
Personal name Rana, Danesh
245 ## - TITLE STATEMENT
Title As far as the saffron fields: The pulwama conspiracy
260 ## - PUBLICATION, DISTRIBUTION, ETC. (IMPRINT)
Name of publisher, distributor, etc HarperCollins Publishers
Place of publication, distribution, etc Gurugram
Date of publication, distribution, etc 2022
300 ## - PHYSICAL DESCRIPTION
Pages xviii, 314
650 ## - Subject
Subject Social Problems
650 ## - Subject
Subject Social Services
650 ## - Subject
Subject Criminology
650 ## - Subject
Subject Terrorism
942 ## - ADDED ENTRY ELEMENTS (KOHA)
Koha item type Books
Holdings
Withdrawn status Lost status Source of classification or shelving scheme Damaged status Not for loan Location (home branch) Sublocation or collection (holding branch) Shelving location Date acquired Koha issues (times borrowed) Koha full call number Accession No. Koha date last seen Koha item type
    Dewey Decimal Classification     VIVEKANANDA LIBRARY VIVEKANANDA LIBRARY Vivekananda Library 28/01/2026   364.1524 R15A 444699 28/01/2026 Books
© Designed and Maintained by Vivekananda Library, MDU Rohtak